Diseñar el cambio. Cómo el design thinking puede transformar las organizaciónes e inspirar la innovación.

Saved in:
Bibliografiske detaljer
Hovedforfatter: Brown, Tim (autor)
Andre forfattere: Katz, Barry (autor)
Format: Bog
Udgivet: Madrid, España. Ediciones Urano, S.A.U., 2020.
Udgivelse:1.ª edición revisada y actualizada.
Serier:Gestión del conocimiento.
Fag:
Tags: Tilføj Tag
Ingen Tags, Vær først til at tagge denne postø!

MARC

LEADER 00000nam a22000007a 4500
003 CL-VaPUC
005 20231004100307.0
008 230925t2020 ||||| |||| 00| 0 eng d
999 |c 441571  |d 441569 
020 |a 9788416997268 
040 |c Pontificia Universidad Católica de Valparaíso 
082 7 |a 658.4063 BRO 2020  |2 22 
100 |a Brown, Tim  |9 581815  |e autor 
245 |a Diseñar el cambio.  |b Cómo el design thinking puede transformar las organizaciónes e inspirar la innovación.  
250 |a 1.ª edición revisada y actualizada.  
260 |a Madrid, España.   |b Ediciones Urano, S.A.U.,  |c 2020. 
300 |a 314 páginas.  
490 |a Gestión del conocimiento.  
583 |c 20231004 
650 0 |a Diseño industrial  |9 262726 
650 0 |a Cambio organizacional   |9 260741 
700 |a Katz, Barry   |e autor  |9 884736 
942 |2 ddc  |c BK 
952 |0 0  |1 0  |2 ddc  |4 0  |6 658_406300000000000_BRO_2020  |7 0  |8 A  |9 591669  |a BIBEDU  |b BIBEDU  |c S_PSTGRDO  |d 2023-09-25  |e 3  |g 9617.00  |i 5658773  |o 658.4063 BRO 2020  |p 5658773  |r 2025-01-22  |t 1  |v 9617.00  |w 2023-09-25  |y BK  |k MLG